000 01690nam a2200205Ia 4500
003 OSt
005 20210729151318.0
008 210310s1983 ck ado gr 000 0 spa d
040 _aCO-JMCR
_cCO-JMCR
041 0 _aspa
082 0 4 _a332.11 /
_bG184b
_223
100 1 _aGama Quijano, Rafael,
_eautor
_927188
245 1 3 _aEl Banco de la Republica o la Banca Central Colombiana:
_b1923-1983 /
_cRafael Gama Quijano
260 _aBogotá :
_bBanco de la republica,
_c1983.
300 _b182 páginas :
_ailustraciones, gráficas y fotografías en blanco y negro ;
_c24 cm.
505 0 _aLa banca central. -- El banco de la república y la evolución económica financiera en Colombia. -- El banco de la republica y los organismos financieros internacionales. -- El papel de la banca central en las políticas de estabilización económica. -- El papel del banco de la república en la poli tica de estabilización. -- El papel de los bancos centrales en el campo de la investigación económica. -- El banco de la república y el manejo de las reservas internacionales. -- El régimen general de producción y negociación del oro y el platino en nuestro país. -- El sistema de la cámara interbancaria de compensación de cheques y otros títulos valores. -- El banco de la república y la cuenta especial. -- La banca y el sistema financiero en Colombia, en los últimos años. -- El legislador y el banco de la república. -- El banco de la república y la crisis financiera de 1982. -- Principales normas orgánicas sobre el banco de la republica expedidas a partir de 1973.
650 1 4 _aBanca
_zColombia.
_938879
650 2 4 _aEl papel del banco
_zColombia
_938893
942 _2ddc
_cBK
999 _c12062
_d12062